| 000 | 00503nam a2200121Ia 4500 | ||
|---|---|---|---|
| 008 | 220620s9999||||xx |||||||||||||| ||und|| | ||
| 245 | 0 | _aSystem- and Data-Driven Methods and Algorithms | |
| 546 | _aEnglish[eng] | ||
| 650 | _aComputational physics||Computer simulation | ||
| 700 | _aBenner, Peter||Schilders, Wil||Grivet-Talocia, Stefano||Quarteroni, Alfio||Rozza, Gianluigi||Miguel Silveira, LuÃs | ||
| 856 | _uhttps://library.oapen.org/bitstream/20.500.12657/52281/1/9783110498967.pdf | ||
| 942 | _cEB | ||
| 999 |
_c28847 _d28847 |
||